El abrazo de Otto (Record no. 626)
[ view plain ]
| 000 -CABECERA | |
|---|---|
| campo de control de longitud fija | 01440nam a22002894n 4500 |
| 003 - IDENTIFICADOR DE NUMERO DE CONTROL | |
| campo de control | AR-BaSMT |
| 008 - CAMPOS DE LONGITUD FIJA | |
| campo de control de longitud fija | 230502b2025 aga|||ar|||| 00| 1 spa d |
| 020 ## - ISBN: Indicadores indefinidos | |
| Número ISBN | 9789873681080 |
| 040 ## - FUENTE DE CATALOGACION | |
| Agencia de catalogación original | BSGB |
| Idioma de catalogación | español |
| Convenciones de la descripción | rda |
| 041 0# - CODIGO DE IDIOMA | |
| Código idioma | spa |
| Idioma original | español |
| 080 ## - CDU | |
| CDU completo | 82-34 |
| 100 1# - PUNTO DE ACCESO PRINCIPAL | |
| Nombre de persona | Canela |
| Enlace autoridades | 459 |
| 245 13 - MENCION DE TITULO | |
| Título | El abrazo de Otto |
| 250 ## - MENCION DE EDICION | |
| Mención de edición | primera edición, quinta reimpresión |
| 264 #1 - PRODUCCIÓN, PUBLICACIÓN, DISTRIBUCIÓN, ETC. | |
| Lugar de publicación, etc. | Buenos Aires |
| Nombre editor. | La brujita de papel |
| Fecha | 2025 |
| 300 ## - DESCRIPCION FISICA | |
| Extensión | 32 páginas |
| Otros detalles físicos | Ilustraciones color |
| 336 ## - TIPO DE CONTENIDO | |
| rdacontent | rdacontent |
| texto | texto |
| txt | txt |
| 337 ## - TIPO DE MEDIO | |
| rdamedia | rdamedia |
| sin mediación | sin mediación |
| n | n |
| 338 ## - TIPO DE SOPORTE | |
| rdacarrier | rda carrier |
| volumen | volúmen |
| nc | nc |
| 520 1# - NOTA DE SUMARIO, RESUMEN, ETC. | |
| Toda la nota | Es el cumpleaños de Otto y con tinta de calamar ha escrito una bella invitación: “Hoy cumplo años y lo quiero celebrar con todos mis amigo. Sé que vas a venir. ¡Con qué alegría te voy a abrazar! Otto.” Mario, el caballito de mar, ha sido el primero en recibir la tarjeta. No sabe si alegrarse o asustarse de ser el numero 1 en la lista de invitados. Porque el abrazo de Otto no es un abrazo cualquiera. ¿Alguien sabe cuántos brazos tiene un pultpo? Una maravillosa historia en lo profundo del mar, donde los amigos de Otto deberán decidir si son capacez de recibir un abrazo muy especial. |
| URL, URI, etc. | Contratapa |
| 521 ## - NOTA DE PÚBLICO DESTINATARIO | |
| Nota de audiencia | Jardín |
| 650 #7 - PUNTO DE ACCESO ADICIONAL DE MATERIA – TÉRMINO TEMÁTICO | |
| Enlace autoridades | 8 |
| Término de materia o nombre geográfico como elemento de entrada | LITERATURA INFANTIL |
| Subdivisión geográfica | Argentina |
| 650 #7 - PUNTO DE ACCESO ADICIONAL DE MATERIA – TÉRMINO TEMÁTICO | |
| Enlace autoridades | 23 |
| Término de materia o nombre geográfico como elemento de entrada | CUENTO |
| Subdivisión geográfica | Argentina |
| 700 1# - PUNTO DE ACCESO ADICIONAL – NOMBRE DE PERSONA | |
| Apellido, Nombre | Fernandez, Luciana |
| Término relacionador: | Ilustradora |
| Enlace autoridades | 467 |
| 942 ## - ELEMENTOS AGREGADOS (KOHA) | |
| CDU | Clasificación decimal universal |
| Tipo de ítem | Libros |
| Disponible | Perdido | Fuente de clasificación | Estado | Ubicación permanente | Locación actual | Estante o sala | Fuente de adquisición | Número de inventario | Total préstamos | Signatura topográfica | Código de barras | Numero de ejemplar | Tipo de item de Koha | Calificador de localización códificado |
|---|---|---|---|---|---|---|---|---|---|---|---|---|---|---|
| Clasificación Decimal Dewey | Biblioteca Susana G. De Batemarco | Biblioteca Susana G. De Batemarco | Jardín | Compra Feria del Libro 2026 | 000870 | 82-34 CAN | 000870 | 1 | Libros |
